| 000 | 00338pam a2200145 a 4500 | ||
|---|---|---|---|
| 020 | _c | ||
| 041 | _aeng | ||
| 082 |
_a004 _bDRO |
||
| 100 | _aDromey RG. | ||
| 245 |
_aHow to solve it by computer _hTextual Documents |
||
| 250 | _a2002. | ||
| 260 |
_aNew Delhi : _bPrintice hall in india PVT LTD . |
||
| 300 | _a442 pg . | ||
| 930 | _a5190 | ||
| 999 |
_c82106 _d82106 |
||